Các nhân tố ảnh hưởng đến sự tuân thủ thuế của doanh nghiệp nhỏ và vừa trên địa bàn thành phố Sóc Trăng : Luận văn thạc sỹ ngành Tài chính - Ngân hàng

Nội dung luận văn giới thiệu cơ sở lý luận và phương pháp nghiên cứu. Các nhân tố ảnh hưởng đến sự tuân thủ thuế của doanh nghiệp nhỏ và vừa trên địa bàn thành phố Sóc Trăng. Giải pháp nâng cao sự tuân thủ thuế của doanh nghiệp vừa v...

Volledige beschrijving

Bewaard in:
Bibliografische gegevens
Hoofdauteur: Nguyễn, Thị Huệ
Formaat: Boek
Taal:Undetermined
Gepubliceerd in: Cần Thơ Trường Đại học Cần Thơ 2018
Onderwerpen:
Tags: Voeg label toe
Geen labels, Wees de eerste die dit record labelt!
Thư viện lưu trữ: Trung tâm Học liệu Trường Đại học Cần Thơ
LEADER 01248nam a2200217Ia 4500
001 CTU_227427
008 210402s9999 xx 000 0 und d
082 |a 336.207 
082 |b H507 
100 |a Nguyễn, Thị Huệ 
245 0 |a Các nhân tố ảnh hưởng đến sự tuân thủ thuế của doanh nghiệp nhỏ và vừa trên địa bàn thành phố Sóc Trăng : 
245 0 |b Luận văn thạc sỹ ngành Tài chính - Ngân hàng 
245 0 |c Nguyễn Thị Huệ ; Vũ Thị Minh Hiền (cán bộ hướng dẫn) 
260 |a Cần Thơ 
260 |b Trường Đại học Cần Thơ 
260 |c 2018 
520 |a Nội dung luận văn giới thiệu cơ sở lý luận và phương pháp nghiên cứu. Các nhân tố ảnh hưởng đến sự tuân thủ thuế của doanh nghiệp nhỏ và vừa trên địa bàn thành phố Sóc Trăng. Giải pháp nâng cao sự tuân thủ thuế của doanh nghiệp vừa và nhỏ. 
650 |a Corporations,Doanh nghiệp 
650 |x Taxation,Thuế 
910 |b dqhieu 
980 |a Trung tâm Học liệu Trường Đại học Cần Thơ